| 000 | 01205pam a2200337 a 4500 | ||
|---|---|---|---|
| 001 | 4927439 | ||
| 003 | OSt | ||
| 005 | 20151015112706.0 | ||
| 008 | 951101s1996 nju 001 0 eng | ||
| 010 | _a 95049112 | ||
| 020 | _a0132908751 (pbk.) | ||
| 040 |
_aDLC _cDLC _dDLC |
||
| 050 | 0 | 0 |
_aPE1417 _b.C6519 1996 |
| 082 | 0 | 0 |
_a808/.0427 _220 |
| 245 | 0 | 0 |
_aConstructing nature : _breadings from the American experience / _cedited by Richard Jenseth, Edward E. Lotto. |
| 260 |
_aUpper Saddle River, NJ : _bPrentice Hall, _cc1996. |
||
| 300 |
_axi, 493 p. ; _c23 cm. |
||
| 500 | _a"A Blair Press book." | ||
| 500 | _aIncludes index. | ||
| 650 | 0 | _aCollege readers. | |
| 650 | 0 |
_aNature in literature _xProblems, exercises, etc. |
|
| 650 | 0 |
_aNature _xLiterary collections. |
|
| 650 | 0 |
_aEnglish language _zUnited States _xRhetoric _vProblems, exercises, etc. |
|
| 650 | 0 | _aAmerican literature. | |
| 650 | 0 |
_aReaders _xNature. |
|
| 700 | 1 | _aJenseth, Richard. | |
| 700 | 1 | _aLotto, Edward E. | |
| 906 |
_a7 _bcbc _corignew _d1 _eocip _f19 _gy-gencatlg |
||
| 942 |
_2lcc _cBK |
||
| 999 |
_c250722 _d250722 |
||